LIBRARY & INFORMATION CENTRE, KCAET, TAVANUR

ONLINE PUBLIC ACCESS CATALOGUE (OPAC)

Deseeya nayahtinteyum thozhilali varga sarva desseyathvatihnteyum prasnangal / (Record no. 6127)

MARC details
000 -LEADER
fixed length control field 00451cam a2200169ua 4500
041 ## - LANGUAGE CODE
Language code of text/sound track or separate title mal
082 ## - DEWEY DECIMAL CLASSIFICATION NUMBER
Classification number 335.43
Item number LEN/DH
100 ## - MAIN ENTRY--AUTHOR NAME
Personal name Lenin, V I .
245 ## - TITLE STATEMENT
Title Deseeya nayahtinteyum thozhilali varga sarva desseyathvatihnteyum prasnangal /
260 ## - PUBLICATION, DISTRIBUTION, ETC. (IMPRINT)
Place of publication Thrissur :
Name of publisher Current Books ,
Year of publication 1965.
300 ## - PHYSICAL DESCRIPTION
Number of Pages 261 ; .
942 ## - ADDED ENTRY ELEMENTS (KOHA)
Koha item type Books
Holdings
Withdrawn status Lost status Damaged status Home library Current library Date acquired Full call number Accession Number Koha item type Public note
Withdrawn     KAUAET Malayalam University 07/04/2012 335.43 8463 Books Transferred to Malayalam University
free website counter